Osteuropa - Wirtschaft (Record no. 5509)

MARC details
000 -LEADER
fixed length control field 00501nas a22002057i 4500
001 - CONTROL NUMBER
control field 5772
003 - CONTROL NUMBER IDENTIFIER
control field OSt
005 - DATE AND TIME OF LATEST TRANSACTION
control field 20181221135730.0
007 - PHYSICAL DESCRIPTION FIXED FIELD--GENERAL INFORMATION
fixed length control field tu
008 - FIXED-LENGTH DATA ELEMENTS--GENERAL INFORMATION
fixed length control field 161220d19562011gw ||||| |||| 00| 0 ger d
022 ## - INTERNATIONAL STANDARD SERIAL NUMBER
International Standard Serial Number 0030-6460
024 7# - OTHER STANDARD IDENTIFIER
Standard number or code 5772
Source of number or code RID
024 7# - OTHER STANDARD IDENTIFIER
Standard number or code 5772
Source of number or code RSN (alt)
040 ## - CATALOGING SOURCE
Transcribing agency OSt
110 2# - MAIN ENTRY--CORPORATE NAME
Corporate name or jurisdiction name as entry element Deutsche Gesellschaft für Osteuropakunde e.V.
245 00 - TITLE STATEMENT
Title Osteuropa - Wirtschaft
246 ## - VARYING FORM OF TITLE
Title proper/short title Osteruopa
260 ## - PUBLICATION, DISTRIBUTION, ETC.
Place of publication, distribution, etc. Berlin :
Name of publisher, distributor, etc. Berliner Wissenschaftsverlag,
Date of publication, distribution, etc. 1956-2011.
942 ## - ADDED ENTRY ELEMENTS (KOHA)
Koha item type Journal
Holdings
Withdrawn status Lost status Damaged status Not for loan Home library Current library Shelving location Date acquired Serial Enumeration / chronology Inventory number Total Checkouts Barcode Date last seen Price effective from Koha item type
        WIIW WIIW Library 08/04/2004 1/1990 - 1/2004 5772   10001023 01/26/2017 01/26/2017 Journal
The Vienna Instiute for International Economic Studies (wiiw)